Sommerarena - Baden 1991

Bibliographic Details
Main Author: Vanečková, Dagmar (Author)
Format: Article
Language:Slovak
Subjects:

MARC

LEADER 00000nab a2200000 a 4500
001 vtls000441032
003 SK-MaSNL
005 20260304082010.0
008 250424c1991 xo 0 slo
015 |a SNBRB19rr/mm-uuuuu 
035 |a CL0441162 
035 |a urn:nbn:sk:snk-abdoa8 
035 |a (urnnbn)urn:nbn:sk:snk:ar-000tuk 
035 |a (uuid)b5a7debd-d749-497a-9ff7-16926d548e88 
040 |a SNKBUCL  |b slo  |c SNKBUCL  |e AACR2 
041 0 |a slo 
044 |a xo  |c SK 
080 |a 792(436)  |2 1981 
080 |a 792.5  |2 1981 
100 1 |a Vanečková, Dagmar  |4 aut  |9 816940 
245 1 0 |a Sommerarena - Baden 1991  |c Dagmar Vanečková 
610 2 7 |a Stadttheater (Baden, Rakúsko)  |2 snkbucl  |9 1371208 
655 7 |a články z novín a časopisov  |2 snkbucl  |9 267496 
773 0 |t Javisko  |g Roč. 23, č. 11 (1991), s. 546-547 
850 |a Slovenská národná knižnica 
852 |a Slovenská národná knižnica 
954 |a odborná, vedecká literatúra pôvodná (slovenská)  |2 lita 
958 |a article19 
958 |a OND 
958 |a RK 
958 |a EUIPO 
992 |a RBX 
999 |c 2793321  |d 2795251